000
00368nam a22001457a 4500
008
230228b |||||||| |||| 00| 0 eng d
020
_a
978-0-571-25824-6
082
_a
813.54
100
_a
Kazuo Ishiguro
245
_a
The Remains of the Day
260
_b
Faber and Faber,
_c
2010
300
_a
258 p.
_c
20 cm
942
_2
ddc
999
_c
9354
_d
9355